• Van Habost J.M., Depreux J.C. e T., Vellay P., Levy C., Sauvy A.,

di Personal Name

Records bibliografici associati: 1

001 - CONTROL NUMBER

  • control field: 63368

003 - CONTROL NUMBER IDENTIFIER

  • control field:

005 - DATE AND TIME OF LATEST TRANSACTION

  • control field: 20260206112942.0

008 - FIXED-LENGTH DATA ELEMENTS

  • fixed length control field: 260206|| aca||aabn | a|a d

040 ## - CATALOGING SOURCE

  • Original cataloging agency:
  • Transcribing agency:

100 ## - HEADING--PERSONAL NAME

  • Personal name: Van Habost J.M., Depreux J.C. e T., Vellay P., Levy C., Sauvy A.,
  • Personal name: Dourlen-Rollier A.M., De Locht P., Natanson J. e M

670 ## - SOURCE DATA FOUND

  • Source citation: Work cat.: ()209616: Chartier Michel (et al.) 63367, Aborto, 1973 [Edizione originale: 1972]
CREDITS: SOCIETA' SAN PAOLO Via A.Severo, 58 - ROMA (RM) & PERIODICI SAN PAOLO SRL Via Giotto, 36 MILANO & CISF Via Giotto, 36 MILANO & EDIZIONI SAN PAOLO SRL,  Piazza Soncino, 5 CINISELLO BALSAMO (MI) -- ITALY